000 01425nam a22003614a 4500
001 ebr10178197
003 CaPaEBR
006 m u
007 cr cn|||||||||
008 060315s2006 nyua sb 001 0 eng
010 _z 2006008884
020 _z0814740235 (cloth : alk. paper)
020 _z0814740243 (pbk. : alk. paper)
020 _z9780814740231
020 _z9780814740248
040 _aCaPaEBR
_cCaPaEBR
035 _a(OCoLC)232160224
050 1 4 _aQA76.9.C66
_bC744 2006eb
082 0 4 _a303.48/33
_222
245 0 0 _aCritical cyberculture studies
_h[electronic resource] /
_cedited by David Silver and Adrienne Massanari ; with a foreword by Steve Jones.
260 _aNew York :
_bNew York University Press,
_cc2006.
300 _axvii, 323 p. :
_bill.
504 _aIncludes bibliographical references and index.
533 _aElectronic reproduction.
_bPalo Alto, Calif. :
_cebrary,
_d2013.
_nAvailable via World Wide Web.
_nAccess may be limited to ebrary affiliated libraries.
650 0 _aComputers and civilization.
650 0 _aCyberspace
_xSocial aspects.
650 0 _aInternet
_xSocial aspects.
655 7 _aElectronic books.
_2local
700 1 _aMassanari, Adrienne.
700 1 _aSilver, David,
_cPh. D.
710 2 _aebrary, Inc.
856 4 0 _uhttp://site.ebrary.com/lib/rucke/Doc?id=10178197
_zAn electronic book accessible through the World Wide Web; click to view
999 _c236781
_d236781